[Event "Bodensee Seniors op"]
[Site "Bregenz"]
[Date "2019.05.29"]
[Round "4"]
[White "Lainburg, Viktor"]
[Black "Cordes, Lothar"]
[Result "0-1"]
[WhiteElo "1918"]
[BlackElo "1840"]
[PlyCount "65"]
[EventDate "2019.05.26"]
[EventType "swiss"]
[EventRounds "7"]
[EventCountry "AUT"]
[SourceTitle "CBM 190 Extra"]
[Source "ChessBase"]
[SourceDate "2019.07.15"]
[SourceVersion "1"]
[SourceVersionDate "2019.07.15"]
[SourceQuality "1"]

1. d4 e6 2. c4 d5 3. Nf3 c6 4. e3 Nf6 5. Nc3 Nbd7 6. Bd3 Bd6 7. Qc2 a6 8. a4 0-0 9. 0-0 e5 10. cxd5 cxd5 11. dxe5 Nxe5 12. Nxe5 Bxe5 13. f4 Bb8 14. Kh1 Be6 15. Bd2 h6 16. Rad1 Qb6 17. b4 Rc8 18. Qb2 d4 19. exd4 Qxd4 20. Be1 Qb6 21. Bf2 Qc7 22. Bd4 Nd5 23. Nxd5 Bxd5 24. Bxg7 Qb6 25. a5 Qc6 26. Bd4 Ba7 27. Be5 Rd8 28. Bf6 Rd6 29. Rc1 Bxg2+ 30. Qxg2+ Qxg2+ 31. Kxg2 Rxf6 32. Rc7 b5 33. Rc6 0-1

[Event "Bad Woerishofen op 34th"]
[Site "Bad Woerishofen"]
[Date "2018.03.03"]
[Round "9"]
[White "Lainburg, Viktor"]
[Black "Teubner, Wolfgang"]
[Result "1-0"]
[WhiteElo "1960"]
[BlackElo "1791"]
[PlyCount "97"]
[EventDate "2018.02.23"]
[EventType "swiss"]
[EventRounds "9"]
[EventCountry "GER"]
[SourceTitle "EXT 2019"]
[Source "ChessBase"]
[SourceDate "2018.10.10"]
[SourceVersion "1"]
[SourceVersionDate "2018.10.10"]
[SourceQuality "1"]

1. d4 d5 2. Bg5 f6 3. Bf4 e6 4. e3 Bd6 5. Bxd6 Qxd6 6. Qd2 Nh6 7. Nf3 0-0 8. c4 c5 9. Nc3 cxd4 10. Nxd4 a6 11. cxd5 exd5 12. Be2 Nc6 13. Bf3 Ne7 14. 0-0-0 Bg4 15. Qe2 Bxf3 16. Qxf3 Rac8 17. Kb1 Rfd8 18. h3 Nf7 19. Nf5 Nxf5 20. Qxf5 Rc5 21. Rd4 g6 22. Qf4 Qe5 23. Rhd1 b5 24. Qxe5 fxe5 25. Rxd5 Rdxd5 26. Rxd5 Rc6 27. Ne4 Kf8 28. Rc5 Re6 29. Rc8+ Ke7 30. Rc7+ Ke8 31. Rxf7 Kxf7 32. Ng5+ Ke7 33. Nxe6 Kxe6 34. Kc2 e4 35. Kc3 Kd5 36. f4 exf3 37. gxf3 a5 38. Kd3 g5 39. f4 h6 40. e4+ Ke6 41. fxg5 hxg5 42. Kd4 b4 43. b3 Kd6 44. e5+ Ke7 45. Kd5 Kd7 46. e6+ Ke8 47. Ke5 Ke7 48. Kf5 Kf8 49. Kxg5 1-0

[Event "Bad Woerishofen Seniors op 32nd"]
[Site "Bad Woerishofen"]
[Date "2016.03.02"]
[Round "6"]
[White "Rumsey, Victor B"]
[Black "Lainburg, Viktor"]
[Result "0-1"]
[WhiteElo "1864"]
[BlackElo "2033"]
[PlyCount "160"]
[EventDate "2016.02.26"]
[EventType "swiss"]
[EventRounds "9"]
[EventCountry "GER"]
[SourceTitle "EXT 2019"]
[Source "ChessBase"]
[SourceDate "2018.10.10"]
[SourceVersion "1"]
[SourceVersionDate "2018.10.10"]
[SourceQuality "1"]

1. d4 d5 2. c4 dxc4 3. e4 Nf6 4. e5 Nd5 5. Nc3 Nb6 6. Bxc4 Nxc4 7. Qa4+ Nc6 8. Qxc4 Qxd4 9. Qxd4 Nxd4 10. Nd5 Ne6 11. Be3 c6 12. Nc3 g6 13. Nf3 Bg7 14. 0-0 0-0 15. a4 Nc7 16. h3 Be6 17. Bc5 Rfe8 18. Rfe1 Nd5 19. Nd4 Nc7 20. a5 Bc4 21. b3 Ba6 22. Rac1 Kf8 23. f4 Bh6 24. g3 Red8 25. Rcd1 Nd5 26. Nxd5 Rxd5 27. b4 Bg7 28. h4 Ke8 29. Rd2 e6 30. h5 Bf8 31. hxg6 hxg6 32. Bxf8 Kxf8 33. Kf2 Ke7 34. Rc1 Kd7 35. Ke3 Rc8 36. Rdc2 Rh8 37. Rd2 g5 38. Nf3 gxf4+ 39. gxf4 Rxd2 40. Kxd2 Ke7 41. Ke3 Rg8 42. Rc2 Bb5 43. Rh2 Rd8 44. Nd4 Bc4 45. Rc2 Bd5 46. a6 Kd7 47. axb7 Rb8 48. b5 cxb5 49. Nxb5 Rxb7 50. Rc5 a5 51. Nd6 Ra7 52. Nb5 Ra6 53. Rc7+ Kd8 54. Rxf7 a4 55. Na3 Rb6 56. Kd4 Rb4+ 57. Kc5 Rb3 58. f5 Rxa3 59. f6 Rf3 60. Kd6 Ke8 61. Rh7 a3 62. Rh8+ Kf7 63. Rh7+ Kg8 64. Rg7+ Kf8 65. Rc7 a2 66. Rc8+ Kf7 67. Rc7+ Kg8 68. Rc8+ Kh7 69. Rc7+ Kh6 70. Rc1 Be4 71. Rh1+ Kg5 72. Rg1+ Kh4 73. Ra1 Bd5 74. Ke7 Kg5 75. Rg1+ Kf5 76. f7 Kxe5 77. f8Q Rxf8 78. Kxf8 Be4 79. Ra1 Bb1 80. Ke7 Kd5 0-1

[Event "GER-chT Seniors 24th"]
[Site "Berlin"]
[Date "2015.09.09"]
[Round "4.3"]
[White "Schmidt, Joerg"]
[Black "Lainburg, Viktor"]
[Result "1/2-1/2"]
[WhiteElo "2111"]
[BlackElo "2127"]
[PlyCount "80"]
[EventDate "2015.09.06"]
[EventType "team-swiss"]
[EventRounds "7"]
[EventCountry "GER"]
[SourceTitle "EXT 2018"]
[Source "ChessBase"]
[SourceDate "2017.10.13"]
[SourceVersion "1"]
[SourceVersionDate "2017.10.13"]
[SourceQuality "1"]

1. b3 e6 2. Bb2 Nf6 3. f4 Be7 4. Nf3 0-0 5. e3 b6 6. Be2 Bb7 7. 0-0 c5 8. a4 Nc6 9. Na3 d5 10. Ne5 a6 11. Qe1 Qc7 12. Bf3 Rad8 13. Qg3 Nxe5 14. Bxe5 Qd7 15. d3 Ne8 16. Bb2 Bf6 17. Bxf6 Nxf6 18. Rad1 Qe7 19. c4 Rd7 20. Qf2 Rfd8 21. Qe2 Ne8 22. g3 Nd6 23. Nc2 Nc8 24. e4 dxe4 25. dxe4 Na7 26. Kf2 Nc6 27. Rxd7 Qxd7 28. e5 Nd4 29. Nxd4 Qxd4+ 30. Qe3 Bxf3 31. Kxf3 Qb2 32. Rf2 Qb1 33. Kg2 Rd3 34. Rd2 Rxd2+ 35. Qxd2 Qe4+ 36. Kf2 h6 37. Qd8+ Kh7 38. Qxb6 Qc2+ 39. Kf3 Qd3+ 40. Kf2 Qc2+ 1/2-1/2

[Event "Wuertemberg-ch Seniors 27th"]
[Site "Freudenstadt"]
[Date "2015.07.10"]
[Round "9"]
[White "Schmieder, Siegfried"]
[Black "Lainburg, Viktor"]
[Result "1/2-1/2"]
[WhiteElo "2031"]
[BlackElo "2160"]
[PlyCount "47"]
[EventDate "2015.07.03"]
[EventType "swiss"]
[EventRounds "9"]
[EventCountry "GER"]
[SourceTitle "EXT 2016"]
[Source "ChessBase"]
[SourceDate "2015.10.08"]
[SourceVersion "1"]
[SourceVersionDate "2015.10.08"]
[SourceQuality "1"]

1. e4 Nf6 2. Nc3 e5 3. Bc4 Nc6 4. d3 Na5 5. Nf3 Nxc4 6. dxc4 d6 7. Bg5 Be7 8. c5 Be6 9. Qd3 Qd7 10. 0-0-0 0-0-0 11. cxd6 cxd6 12. Qe3 Kb8 13. Nxe5 Qc7 14. Nf3 Qa5 15. Nd5 Ng4 16. Qd4 Bxg5+ 17. Nxg5 Qxa2 18. Rhe1 Rhe8 19. f3 Ne5 20. Re3 Bxd5 21. Ra3 Nc6 22. Qxd5 Qxd5 23. Rxd5 f6 24. Nh3 1/2-1/2

[Event "Wuertemberg-ch Seniors 27th"]
[Site "Freudenstadt"]
[Date "2015.07.08"]
[Round "6"]
[White "Lainburg, Viktor"]
[Black "Mertens, Gottfried"]
[Result "1-0"]
[WhiteElo "2160"]
[BlackElo "1893"]
[PlyCount "95"]
[EventDate "2015.07.03"]
[EventType "swiss"]
[EventRounds "9"]
[EventCountry "GER"]
[SourceTitle "EXT 2016"]
[Source "ChessBase"]
[SourceDate "2015.10.08"]
[SourceVersion "1"]
[SourceVersionDate "2015.10.08"]
[SourceQuality "1"]

1. b3 e5 2. Bb2 Nc6 3. e3 Nf6 4. c4 Bc5 5. Nc3 a6 6. d3 0-0 7. Nf3 d6 8. Be2 Bd7 9. 0-0 Re8 10. a3 a5 11. Qc2 Bf5 12. Rad1 Qd7 13. Qc1 Rad8 14. d4 exd4 15. Nxd4 Bxd4 16. exd4 d5 17. c5 Re7 18. Bf3 Rde8 19. Qf4 Be4 20. Bxe4 Nxe4 21. Nb5 Nd8 22. a4 Ne6 23. Qc1 c6 24. Nc3 Nxc3 25. Qxc3 Qc7 26. Rfe1 Kf8 27. Bc1 Nf4 28. Be3 Ne6 29. g3 f5 30. Bd2 f4 31. Re5 fxg3 32. hxg3 b6 33. Rde1 bxc5 34. dxc5 Nd8 35. Rxe7 Rxe7 36. Rxe7 Qxe7 37. Qxa5 Ne6 38. Qa8+ Nd8 39. Ba5 Ke8 40. Kf1 Qe4 41. Qxd8+ Kf7 42. Qc7+ Kg8 43. Qf4 Qb1+ 44. Kg2 Qxb3 45. Bd2 Qc2 46. Qd4 Qf5 47. Bc3 Qc2 48. Qxg7# 1-0

[Event "Wuertemberg-ch Seniors 27th"]
[Site "Freudenstadt"]
[Date "2015.07.05"]
[Round "3"]
[White "Schwertel, Johann"]
[Black "Lainburg, Viktor"]
[Result "1/2-1/2"]
[WhiteElo "2002"]
[BlackElo "2160"]
[PlyCount "85"]
[EventDate "2015.07.03"]
[EventType "swiss"]
[EventRounds "9"]
[EventCountry "GER"]
[SourceTitle "EXT 2016"]
[Source "ChessBase"]
[SourceDate "2015.10.08"]
[SourceVersion "1"]
[SourceVersionDate "2015.10.08"]
[SourceQuality "1"]

1. d4 Nf6 2. Nf3 c5 3. c3 e6 4. Bg5 Qb6 5. Qb3 Qxb3 6. axb3 Ne4 7. Be3 Nc6 8. Nbd2 Nxd2 9. Kxd2 b6 10. g3 Bb7 11. Rg1 Na5 12. Rxa5 bxa5 13. dxc5 Rc8 14. b4 axb4 15. cxb4 a5 16. bxa5 Bxc5 17. Bxc5 Rxc5 18. b4 Rd5+ 19. Kc3 Ke7 20. e4 Rd6 21. Nd4 Rc8+ 22. Bc4 Bxe4 23. Re1 Bg6 24. f4 Kd8 25. Re3 Bb1 26. Re2 f5 27. Rb2 Be4 28. b5 Bd5 29. Rb4 Ra8 30. a6 Kc7 31. Bxd5 exd5 32. Nxf5 Rb6 33. Nd4 Rf6 34. Rb2 Kb6 35. Kb4 Rc8 36. Rd2 Rc4+ 37. Kb3 Rf8 38. Nf3 Rfc8 39. Ne5 Rc3+ 40. Kb2 d6 41. Nc6 Rc5 42. Nd4 Re8 43. Ka2 1/2-1/2

[Event "Bodensee op Seniors"]
[Site "Bregenz"]
[Date "2015.05.11"]
[Round "3"]
[White "Ulker, Ates"]
[Black "Lainburg, Viktor"]
[Result "1-0"]
[WhiteElo "2092"]
[BlackElo "2164"]
[PlyCount "145"]
[EventDate "2015.05.09"]
[EventType "swiss"]
[EventRounds "9"]
[EventCountry "AUT"]
[SourceTitle "CBM 166 Extra"]
[Source "ChessBase"]
[SourceDate "2015.06.18"]
[SourceVersion "1"]
[SourceVersionDate "2015.06.18"]
[SourceQuality "1"]

1. e4 Nf6 2. e5 Nd5 3. d4 d6 4. Nf3 dxe5 5. Nxe5 c6 6. Bc4 Be6 7. Nc3 Nd7 8. Bxd5 cxd5 9. Qe2 Nxe5 10. Qxe5 Qd7 11. 0-0 f6 12. Qe2 Kf7 13. Re1 Bf5 14. f3 e6 15. Nd1 Bd6 16. Ne3 Rhe8 17. Bd2 Bg6 18. Bc3 b5 19. Qd2 Qc7 20. g3 a5 21. a3 Qb6 22. b3 Rec8 23. Bb2 b4 24. a4 Rc7 25. Rac1 Rac8 26. Re2 Qa6 27. Kf2 Rc6 28. Qd1 Qb7 29. Rd2 Bb8 30. Qe2 Ba7 31. Kf1 R6c7 32. Ng2 Rc6 33. Nh4 Qa6 34. Nxg6 hxg6 35. Qxa6 Rxa6 36. f4 Rac6 37. Re2 Ke7 38. Ke1 Kd6 39. Kf1 R6c7 40. Ke1 Bb6 41. Kd2 Rc6 42. c3 bxc3+ 43. Rxc3 Bd8 44. Rxc6+ Rxc6 45. Re3 Kd7 46. Rc3 Rb6 47. Ba3 g5 48. Bc5 Rb8 49. fxg5 fxg5 50. Rf3 Bf6 51. Kc2 Rh8 52. Rf2 Kc6 53. Kc3 e5 54. dxe5 Kxc5 55. exf6 gxf6 56. Rxf6 Rxh2 57. Rf5 g4 58. Rg5 Rf2 59. Rxg4 Rf3+ 60. Kb2 Rf5 61. Rf4 Rg5 62. g4 Rg8 63. Kc3 Rh8 64. Rf3 Rg8 65. Rg3 d4+ 66. Kd3 Kd5 67. g5 Rc8 68. Kd2 Rg8 69. g6 Rg7 70. Kd3 Kc5 71. Rg4 Kb4 72. Kxd4 Kxb3 73. Kc5 1-0

[Event "GER-chT Seniors 23rd"]
[Site "Bergen"]
[Date "2014.09.04"]
[Round "5.1"]
[White "Schmidt, Gerhard"]
[Black "Lainburg, Viktor"]
[Result "1/2-1/2"]
[WhiteElo "2232"]
[BlackElo "2169"]
[PlyCount "35"]
[EventDate "2014.09.01"]
[EventType "team-swiss"]
[EventRounds "7"]
[EventCountry "GER"]
[SourceTitle "EXT 2018"]
[Source "ChessBase"]
[SourceDate "2017.10.13"]
[SourceVersion "1"]
[SourceVersionDate "2017.10.13"]
[SourceQuality "1"]

1. d4 Nf6 2. Nf3 c5 3. e3 e6 4. c4 cxd4 5. exd4 d5 6. Nc3 Nc6 7. a3 Be7 8. Bd3 0-0 9. 0-0 b6 10. Bg5 dxc4 11. Bxc4 Bb7 12. Rc1 Rc8 13. Ba2 Nd5 14. Bd2 Bf6 15. Nxd5 exd5 16. Be3 Qd6 17. Qd2 Rfe8 18. Rfe1 1/2-1/2

[Event "GER-chA Seniors 26th"]
[Site "Bad Neuenahr"]
[Date "2014.08.05"]
[Round "1"]
[White "Lainburg, Viktor"]
[Black "Riek, Wolfgang"]
[Result "1-0"]
[WhiteElo "2173"]
[BlackElo "2001"]
[PlyCount "51"]
[EventDate "2014.08.05"]
[EventType "swiss"]
[EventRounds "9"]
[EventCountry "GER"]
[SourceTitle "EXT 2018"]
[Source "ChessBase"]
[SourceDate "2017.10.13"]
[SourceVersion "1"]
[SourceVersionDate "2017.10.13"]
[SourceQuality "1"]

1. d4 Nf6 2. Nf3 d5 3. g3 h6 4. Bg2 e6 5. 0-0 Bd6 6. c4 c6 7. b3 0-0 8. Nc3 Nbd7 9. Bb2 e5 10. dxe5 Nxe5 11. cxd5 cxd5 12. Nxd5 Nxf3+ 13. Bxf3 Be7 14. Nxe7+ Qxe7 15. Qd4 Bh3 16. Rfd1 Rfd8 17. Qh4 Bf5 18. Bxf6 gxf6 19. Qxh6 Rxd1+ 20. Rxd1 Rd8 21. Rxd8+ Qxd8 22. Kg2 Qe7 23. Qf4 Qd7 24. g4 Be6 25. Qxf6 Bxg4 26. Qg5+ 1-0

[Event "Bad Woerishofen Seniors op 30th"]
[Site "Bad Woerishofen"]
[Date "2014.03.28"]
[Round "8"]
[White "Ziltener, Werner"]
[Black "Lainburg, Viktor"]
[Result "0-1"]
[WhiteElo "2005"]
[BlackElo "2188"]
[PlyCount "108"]
[EventDate "2014.03.21"]
[EventType "swiss"]
[EventRounds "9"]
[EventCountry "GER"]
[SourceTitle "EXT 2019"]
[Source "ChessBase"]
[SourceDate "2018.10.10"]
[SourceVersion "1"]
[SourceVersionDate "2018.10.10"]
[SourceQuality "1"]

1. d4 d5 2. c4 e6 3. Nf3 Nf6 4. Nc3 c5 5. Bf4 cxd4 6. Nxd4 Nbd7 7. Qa4 Bc5 8. cxd5 exd5 9. e3 0-0 10. Be2 Nb6 11. Qc2 Bxd4 12. exd4 Be6 13. 0-0 Rc8 14. Bd3 h6 15. Rfe1 Re8 16. h3 Nc4 17. Qb3 Qd7 18. Be5 Nh7 19. Qb5 Nf8 20. Bg3 a6 21. Qxd7 Nxd7 22. Bxc4 dxc4 23. Ne4 Bd5 24. Nd6 Rxe1+ 25. Rxe1 Rd8 26. Nf5 Be6 27. Bc7 Ra8 28. Ne3 Rc8 29. Bg3 Nb6 30. a3 c3 31. bxc3 Rxc3 32. Bd6 Nc4 33. Bb4 Rd3 34. Rd1 Rxd1+ 35. Nxd1 Nb6 36. Kf1 Nd5 37. Bd6 f6 38. Ke2 Kf7 39. Ne3 Nxe3 40. fxe3 Bd5 41. g3 h5 42. h4 Ke6 43. Bf8 g5 44. Bh6 Kf5 45. hxg5 fxg5 46. Bg7 b5 47. Be5 a5 48. Bc7 b4 49. axb4 axb4 50. Bd6 b3 51. Ba3 Kg4 52. Kf2 Kh3 53. Bc1 Kh2 54. Ba3 g4 0-1

[Event "Wuerttemberg-ch Seniors op 25th"]
[Site "Freudenstadt"]
[Date "2013.07.06"]
[Round "9"]
[White "Frank, Werner"]
[Black "Lainburg, Viktor"]
[Result "0-1"]
[WhiteElo "1990"]
[BlackElo "2181"]
[PlyCount "64"]
[EventDate "2013.07.06"]
[EventType "swiss"]
[EventRounds "9"]
[EventCountry "GER"]
[SourceTitle "EXT 2019"]
[Source "ChessBase"]
[SourceDate "2018.10.10"]
[SourceVersion "1"]
[SourceVersionDate "2018.10.10"]
[SourceQuality "1"]

1. d4 Nf6 2. Nf3 c5 3. d5 b5 4. Bg5 d6 5. Bxf6 exf6 6. e4 a6 7. a4 b4 8. Nbd2 f5 9. Bd3 Qf6 10. 0-0 Ra7 11. Re1 Re7 12. Nc4 fxe4 13. Bxe4 g6 14. Qd2 Bg7 15. Qg5 Kd7 16. Qg3 Kc7 17. c3 bxc3 18. bxc3 Bh6 19. Nfd2 Rhe8 20. Rab1 Qf4 21. Nxd6 Qxd6 22. Qxd6+ Kxd6 23. Nc4+ Kd7 24. f3 f5 25. Rxb8 fxe4 26. Reb1 e3 27. Kf1 e2+ 28. Ke1 Bf4 29. Nb6+ Kc7 30. Nxc8 Rxc8 31. R1b7+ Kd6 32. Rb6+ Kxd5 0-1

[Event "Wuerttemberg-ch Seniors op 25th"]
[Site "Freudenstadt"]
[Date "2013.07.06"]
[Round "5"]
[White "Weisenburger, Horst"]
[Black "Lainburg, Viktor"]
[Result "1-0"]
[WhiteElo "2169"]
[BlackElo "2181"]
[PlyCount "55"]
[EventDate "2013.07.06"]
[EventType "swiss"]
[EventRounds "9"]
[EventCountry "GER"]
[SourceTitle "EXT 2019"]
[Source "ChessBase"]
[SourceDate "2018.10.10"]
[SourceVersion "1"]
[SourceVersionDate "2018.10.10"]
[SourceQuality "1"]

1. f4 f5 2. Nf3 Nf6 3. g3 b6 4. Bg2 Bb7 5. 0-0 e6 6. Nc3 Bc5+ 7. Kh1 0-0 8. h3 Qc8 9. d3 Nd5 10. Na4 Be3 11. c4 Bxc1 12. cxd5 Be3 13. d4 exd5 14. Qb3 Qe8 15. Nc3 Nc6 16. Nd1 Bxd4 17. Qxd5+ Qe6 18. Nxd4 Nxd4 19. Qxe6+ dxe6 20. Bxb7 Rab8 21. Bf3 Rbd8 22. Nc3 Nc2 23. Rad1 Ne3 24. Rxd8 Rxd8 25. Rc1 Rd2 26. b3 c5 27. Kg1 Nc2 28. Nb1 1-0